000
00296nam a22001337a 4500
008
170622b xxu||||| |||| 00| 0 eng d
020
_a
9780321085573
041
_a
eng
080
_2
2ND
_a
32
100
_a
21
101
_a
SHP
245
_a
POLITICS IN RUSSIA
_c
REMINGTON,TH.F
942
_2
udc
_c
BK
999
_c
18828
_d
18828